| 000 | 00345nam a2200133Ia 4500 | ||
|---|---|---|---|
| 005 | 20251222141817.0 | ||
| 008 | 251222s9999||||xx |||||||||||||| ||spa|| | ||
| 082 | _a985.25/R68 | ||
| 100 | _aRivera Martínez, Edagardo | ||
| 245 | 0 | _aAntología de Lima | |
| 250 | _a1ra.ed. | ||
| 264 | _bFundación Manuel J. Bustamante de la Fuente | ||
| 942 | _cLIB | ||
| 999 |
_c6667 _d6667 |
||